Elizabethan underworld (Record no. 1038365)
[ view plain ]
| 000 -LEADER | |
|---|---|
| fixed length control field | 00778nam a2200229Ia 4500 |
| 003 - CONTROL NUMBER IDENTIFIER | |
| control field | OSt |
| 005 - DATE AND TIME OF LATEST TRANSACTION | |
| control field | 20221005120532.0 |
| 008 - FIXED-LENGTH DATA ELEMENTS--GENERAL INFORMATION | |
| fixed length control field | 221004b |||||||| |||| 00| 0 eng d |
| 037 ## - SOURCE OF ACQUISITION | |
| Terms of availability | Textual |
| 040 ## - CATALOGING SOURCE | |
| Original cataloging agency | CRL |
| Transcribing agency | CRL |
| Language of cataloging | eng |
| 041 ## - LANGUAGE CODE | |
| Source of code | eng |
| Language code of text/sound track or separate title | eng |
| 100 ## - MAIN ENTRY--PERSONAL NAME | |
| Personal name | Judges A V Ed. |
| 9 (RLIN) | 139560 |
| 245 #0 - TITLE STATEMENT | |
| Title | Elizabethan underworld |
| Remainder of title | A collection of Tudor and early Stuart tracts and ballads telling of the lives and misdoings of vagabonds, rogues and cozeners and giving some account of the operation of the criminal law |
| 260 ## - PUBLICATION, DISTRIBUTION, ETC. | |
| Date of publication, distribution, etc. | 1930 |
| 650 ## - SUBJECT ADDED ENTRY--TOPICAL TERM | |
| Topical term or geographic name entry element | ENGLISH LITERATURE |
| 942 ## - ADDED ENTRY ELEMENTS (KOHA) | |
| Classification part | O:x0Y165:::3:J9, G0 |
| Koha item type | Textual |
| Source of classification or shelving scheme | |
| Withdrawn status | Lost status | Damaged status | Not for loan | Home library | Current library | Date acquired | Total Checkouts | Full call number | Barcode | Date last seen | Price effective from | Koha item type |
|---|---|---|---|---|---|---|---|---|---|---|---|---|
| Central Library | Central Library | 2022-10-05 | O:x0Y165:::3:J9 G0 | CL0019903 | 2022-10-05 | 2022-10-05 | Textual |
